000 00795nam a2200289Ia 4500
001 88709
003 IT-RoPAU
008 130308s9999 xx 000 0 und d
040 _aIT-RoPAU
040 _cIT-RoPAU
041 _aFRANCESE
100 _aVullierme Jean-Louis
100 _gCodice Aut. SPICS: 31713
245 _aPolitique de la science
245 _bArguments pour Une Methode (Autour D'Edgar Morin)
250 _a1a ed.
260 _aPARIS
260 _bSeuil
260 _c1990 [1° Ed.:1990 - Ed.Ling.Originale:1986]
300 _a"7 p. (prefazione: no ; testo: 7 [pagine: 128-134])"
500 _aPolitica della Scienza
650 _aSOCIOLOGIA DELLA COMUNICAZIONE SOCIALE
650 _eCodice materia Spics: 3806
942 _cBK
957 _71
999 _c80453
_d80453
999 _g1